| 000 | 00393nam a22001697a 4500 | ||
|---|---|---|---|
| 005 | 20160702101031.0 | ||
| 008 | 160702b xxu||||| |||| 00| 0 eng d | ||
| 020 | _a978-81-7132-779-9 | ||
| 041 | _aeng | ||
| 082 | _b20873 | ||
| 100 |
_aJHA, D.K. _93417 |
||
| 245 | _aLaboratory Manual on plant pathology | ||
| 260 | _bPoineer | ||
| 300 | _a182 | ||
| 650 |
_aAgriculture _92837 |
||
| 942 | _cBK | ||
| 999 |
_c5147 _d5145 |
||